000 00482nam a2200181Ia 4500
005 20250508152212.0
008 008 250505s9999 xx 000 0 eng d
037 _aTextual
040 _aFEDL
_beng
_cFEDL
041 _aeng
_2eng
084 _a741.7, DUN
_qFEDL
100 _aDunlop R O
_9761011
245 0 _aSketching for pleasure
260 _aLondon, UK
_bPhoenix House Ltd
_c1954
300 _a142p
942 _cTEXL
_h741.7, DUN
999 _c1334933
_d1334933